Normal view
MARC view
Entry Nombre corporativo
001 - NÚMERO DE CONTROL
- campo de control: 43996
003 - IDENTIFICADOR DEL NÚMERO DE CONTROL
- campo de control: OSt
005 - FECHA Y HORA DE LA ÚLTIMA TRANSACCIÓN
- campo de control: 20200615033959.0
008 - DATOS DE LONGITUD FIJA
- campo de control de longitud fija: 200615|| aca||aabn | a|a d
040 ## - FUENTE DE LA CATALOGACIÓN
- Centro catalogador/agencia de origen: OSt
- Centro/agencia transcriptor: OSt
110 ## - ENCABEZAMIENTO-NOMBRE DE ENTIDAD CORPORATIVA
- Nombre de entidad corporativa o nombre de jurisdicción como elemento de entrada: Asociación Latinoamericana de Instituciones Financieras de Desarrollo.
- Unidad subordinada: (Asamblea General.
- Unidad subordinada: Reunión Ordinaria
- Número del congreso/reunión o número de parte o sección: (20 :
- Fecha del congreso/reunión o de la firma de un tratado: 1990 :
- Sede del congreso/Lugar de la reunión: Santo Domingo, República Dominicana)
670 ## - FUENTE DE DATOS ENCONTRADOS
- Cita de la fuente: Work cat.: (OSt)20532: Asociación Latinoamericana de Instituciones Financieras de Desarrollo. (Asamblea General. Reunión Ordinaria (20 : 1990 : Santo Domingo, República Dominicana), El sistema económico internacional y la inserción latinoamericana /, 1990.
